India trivia - Statistics

General Stats
  • This quiz has been taken 387 times
    48 since last reset
  • The average score is 5 of 10
Answer Stats
Hint Answer % Correct
major religion Hinduism
98%
biggest city Mumbai
93%
longest mountain range Himalayas
78%
longest river Ganges
76%
a fought over region of india Kashmir
73%
region where Sikhs come from Punjab
62%
big desert in India Thar desert
20%
indian islands south of the Bay of Bengal Andaman Islands
0%
highest waterfall Kunchikal Waterfall
0%
Highest point Mount Kangchenjunga
0%
No matching quizzes found
Score Distribution
Percent of People with Each Score
Percentile by Number Answered
Your Score History
You have not taken this quiz since the last reset